000 00418cam a2200157ua 4500
041 _aeng
_h
082 _a604.2
_bWAR/TR
100 _aWarland, E.G .
245 _aTrade drawing for technical schools of building /
_cE.G.Warland.
_hTextual Documents
250 _a1 /
_b.
260 _aLondon :
_bThe English University Press Ltd ,
_c1960.
300 _a154 ; .
504 _a
942 _cBK
999 _c1847
_d1847